000
00203 a2200097 4500
001
41736
100
_a
Harris N
245
_a
Victorian antiques
260
_a
Western
_b
Pub Co
_c
090
_c
25853
_d
25853
942
_a
NUST-CAE
_c
M
_c
17617
999
_c
276809
_d
276809